00386nam a2200121 a 450000100100000000500170001000800410002704000250006810000190009324500520011226000710016430000290023500002963420200930055707.0110419s1978 dr 000 0 spa d aDO-SdBNPbspacBNPHU1 aTavarez, Julia10aGuide to caribbean prehistory /cJulia Tavarez. aSanto Domingo :bEdiciones del Museo del Hombre Dominicano,c1978. a[18] p. :bil. ;c19 cm.